O Capuchinho cinzento (Registo nº 2923)

Detalhes MARC
000 -Etiqueta do registo
Cabeçalho 00885nam a22002891 4500
005 - Identificador da versão
Campo de controlo 20240813121948.0
010 ## - Número internacional normalizado dos livros (ISBN)
Número (ISBN) 9727516769
021 ## - Número do Depósito Legal
Código do país PT
Número 223056/05
100 ## - Dados gerais de processamento
Dados gerais de processamento 20050128d2005 c y0pory5003 ba
102 ## - Pais de publicação ou produção
País de publicação Portugal
101 0# - Língua de publicação
Língua do texto, banda sonora, etc. Português
106 ## - Campo de dados codificados: material textual
Dados codificados do material textual r
105 ## - Campo de dados codificados: livros
Dados codificados dos livros a z 000fy
215 ## - Descrição física 
Indicação específica da natureza do documento e extensão da espécie 41, [8] p.
Outras indicações físicas il.
Dimensões 27 cm
200 1# - Titulo e menção de responsabilidade
Título próprio O Capuchinho cinzento
Primeira menção de responsabilidade Matilde Rosa Araújo
Outras menções de responsabilidade il. André Letria
-- coord. Maria de Lourdes Soares
225 2# - Colecção 
Título próprio da colecção Contos contados
210 ## - Publicação, Distribuição, etc. 
Lugar da edição, distribuição, etc. Prior Velho
Nome do editor, distribuidor, etc. Paulinas
Data da publicação, distribuição, etc. D.L. 2005
606 ## - Nome comum usado como assunto
Número de registo de entrada de autoridade 0000364
Palavra de ordem Literatura portuguesa infanto-juvenil
Subdivisão de assunto Conto
675 ## - Classificação Decimal Universal (CDU)
Notação 821.134.3-34
Edição
Língua da edição por
702 #1 - Nome de autor-pessoa física (responsabilidade secundária)
Número de registo de entrada de autoridade 0002039
Palavra de ordem Letria
Outra parte do nome não tomada para palavra de ordem Andé
Datas 1973-
Código de função Ilustrador / Técnico de desenho computorizado
Número de registo de entrada de autoridade 0000583
Palavra de ordem Soares
Outra parte do nome não tomada para palavra de ordem Maria de Lourdes
Código de função Consultor científico
700 #1 - Nome de autor-pessoa física (responsabilidade principal)
Número de registo de entrada de autoridade 0000069
Palavra de ordem Araújo
Outra parte do nome não tomada para palavra de ordem Matilde Rosa
Datas 1921-
942 ## - Elementos de entrada adicionados (Koha)
Tipo de item no Koha Livro
Exemplares
Situação do levantamento Origin of item (home branch) (coded) Biblioteca de empréstimo Código de barras Cota Circulation type (not for loan) Tipo de documento Nota do exemplar Damaged status
  Biblioteca Escolar da Coca Maravilhas Biblioteca Escolar da Coca Maravilhas BECM7080/05 8POR ARA   Livro Sem mensagem